عرض عادي
عرض مارك
- هوفر، إريك
مدخل إسم شخص
001 - رقم الضبط
- حقل الضبط: 21058
003 - معرف رقم الضبط
- حقل الضبط: OSt
005 - تاريخ ووقت أخر عملية
- حقل الضبط: 20130207132504.0
008 - عناصر بيانات ثابتة الطول
- حقل تحكم ثابت الطول: 130207|||a|||||| | ||| d
040 ## - مصدر الفهرسة
- هيئة الفهرسة الأصلية: OSt
- وكالة الكتابة: OSt
100 ## - مدخل -- أسم شخص
- إسم شخص: هوفر، إريك
670 ## - بيانات المصدر موجوده
- الاستشهاد بالمصدر: Work cat.: (OSt): هوفر، إريك, المؤمن الصادق :, 2010.
